000 00320nam a22001457a 4500
003 SGT
020 _a9780195629996
082 _a920
_bR89G
100 _aGOPAL, SARVEPALLI
245 _aRADHAKRISHNAN: A BIOGRAPHY
260 _bOXFORD UNIVERSITY PRESS
_c1989
300 _a408
650 _aBIOGRAPHY
942 _2ddc
_cBK
999 _c28226
_d28226